Catálogo público

Análisis de los nutrientes de los alimentos / (Record no. 172740)

MARC details
000 -CABECERA
campo de control de longitud fija 01099nam a2200337Ia 4500
001 - NÚMERO DE CONTROL
campo de control dia_2221
003 - IDENTIFICADOR DEL NÚMERO DE CONTROL
campo de control CHAP
005 - FECHA Y HORA DE LA ÚLTIMA TRANSACCIÓN
campo de control 20230329132801.0
008 - DATOS DE LONGITUD FIJA--INFORMACIÓN GENERAL
campo de control de longitud fija 220117s1986 xx 000 0 und d
010 ## - NÚMERO DE CONTROL DE LA BIBLIOTECA DEL CONGRESO
Número de control de LC 172740
020 ## - NÚMERO INTERNACIONAL ESTÁNDAR DEL LIBRO
Número Internacional Estándar del Libro 84-200-0571-1
040 ## - FUENTE DE LA CATALOGACIÓN
Centro/agencia transcriptor CHAP
082 ## - NÚMERO DE LA CLASIFICACIÓN DECIMAL DEWEY
Número de clasificación 641.1028 O83 1986
100 ## - ENTRADA PRINCIPAL--NOMBRE DE PERSONA
Nombre de persona Osborne, D. R.
9 (RLIN) 84169
245 ## - MENCIÓN DE TÍTULO
Título Análisis de los nutrientes de los alimentos /
Mención de responsabilidad, etc. D. R. Osborne y P. Voogt ; traducción Andrés Marcos Barrado
260 ## - PUBLICACIÓN, DISTRIBUCIÓN, ETC.
Lugar de publicación, distribución, etc. España :
Nombre del editor, distribuidor, etc. Acribia,
Fecha de publicación, distribución, etc. 1986
300 ## - DESCRIPCIÓN FÍSICA
Extensión xiii, 258 p.
500 ## - NOTA GENERAL
Nota general Título original: The analysis of nutrients in foods
503 ## - NOTA DE HISTORIA BIBLIOGRÁFICA (BK CF MU) [OBSOLETO]
Nota de historia bibliográfica I. 145615 (ej.1) \ C/e (ej.2)
504 ## - NOTA DE BIBLIOGRAFÍA, ETC.
Nota de bibliografía, etc. Incluye bibliografías
590 ## - NOTA LOCAL (RLIN)
Nota local TX545 O83 1986
650 ## - PUNTO DE ACCESO ADICIONAL DE MATERIA--TÉRMINO DE MATERIA
Término de materia o nombre geográfico como elemento de entrada Alimentos
Subdivisión general Análisis
9 (RLIN) 4164
650 ## - PUNTO DE ACCESO ADICIONAL DE MATERIA--TÉRMINO DE MATERIA
Término de materia o nombre geográfico como elemento de entrada Alimentos
Subdivisión general Contenido de nutrientes
9 (RLIN) 152414
650 ## - PUNTO DE ACCESO ADICIONAL DE MATERIA--TÉRMINO DE MATERIA
Término de materia o nombre geográfico como elemento de entrada Food
Subdivisión general Analysis
9 (RLIN) 147009
650 ## - PUNTO DE ACCESO ADICIONAL DE MATERIA--TÉRMINO DE MATERIA
Término de materia o nombre geográfico como elemento de entrada Food
Subdivisión general Nutrient content
9 (RLIN) 152415
700 ## - PUNTO DE ACCESO ADICIONAL--NOMBRE DE PERSONA
Nombre de persona Voogt, P., coaut.
9 (RLIN) 152416
901 ## - ELEMENTOS DE DATOS A LOCAL LDA (RLIN)
a 641.1028 O83 1986
902 ## - ELEMENTOS DE DATOS B LOCAL, LDB (RLIN)
a M
905 ## - ELEMENTOS DE DATOS E LOCAL, LDE (RLIN)
a 5232271986 sp ain 8222223322spa16
942 ## - ELEMENTOS DE PUNTO DE ACCESO ADICIONAL (KOHA)
Tipo de ítem Koha Libro
Fuente del sistema de clasificación o colocación Dewey Decimal Classification
Holdings
Estado de retiro Estado de pérdida Fuente del sistema de clasificación o colocación Estado dañado No para préstamo Código de colección Localización permanente Ubicación/localización actual Fecha de adquisición Información codificada de la localización en otra ubicación Total de préstamos Signatura topográfica completa Código de barras Fecha visto por última vez Número de copia Precio válido a partir de Tipo de ítem Koha Restricciones de uso Fuente de adquisición Coste, precio normal de compra Número de inventario
    Dewey Decimal Classification     General Ingenieria Agroindustrial Ingenieria Agroindustrial 18/01/2022 1   641.1028 O83 1986 dia_005420 18/01/2022 2 18/01/2022 Libro        
    Dewey Decimal Classification     General Ingenieria Agroindustrial Ingenieria Agroindustrial 18/01/2022     641.1028 O83 1986 dia_005052 18/01/2022 1   Libro Préstamo interno Compra Librería Gaona F. 1688 / R. 22470 (17/04/1989) 79530.30 145615